| 000 | 00491nam a22001937a 4500 | ||
|---|---|---|---|
| 999 |
_c195498 _d195498 |
||
| 005 | 20230331124131.0 | ||
| 010 | _aB-755437 | ||
| 020 | _a9789587534412 | ||
| 035 | _aB-755437 | ||
| 037 | _bGift | ||
| 082 | _a881 | ||
| 100 | _aAyarza, Emilia | ||
| 245 |
_aAca Empieza El Fuego/ _cEmilia Ayarza |
||
| 260 | _aColombia | ||
| 270 | _aColombia | ||
| 300 |
_a119p. _c21cm(pbk) |
||
| 942 |
_2ddc _cEN _h881 _mAYA |
||